000 00550nam a2200217Ia 4500
003 OSt
005 20221007070220.0
006 a|||||r|||| 00| 0
007 ta
008 221006b |||||||| |||| 00| 0 eng d
024 _a15,466
037 _cTextual
040 _aFLL
_cFLL
_beng
041 _2eng
_aeng
082 _aX:9N4.1.N4, J6
245 0 _aForced labour
260 _aGeneva
_bInternational labour office Geneva
_c1956
300 _a28p
_ccm.
942 _hX:9N4.1.N4, J6
_cTEXL
_2CC
999 _c1139828
_d1139828